000 00744nam a2200241Ia 4500
005 20260121112711.0
008 8098 260114s9999 xx 000 0 eng d
020 _a9789812701787
037 _aEBOOK
040 _aCRL
_beng
_cCRL
041 _aeng
_2eng
084 _qCRL
100 _aRagaini R
_9961819
245 0 _aInternational Seminar on Nuclear War and Planetary Emergencies - 32Nd Session: the 32Nd Session of International Seminars and International Collaboration
260 _bWorld Scientific
260 _bWSPC
260 _c2005
650 _aSocial Sciences
_9961820
856 _uhttps://www.worldscientific.com/worldscibooks/10.1142/5867#t=toc
942 _cEBOOK
999 _c1545398
_d1545398